Science Quiz

Random Science Quiz

The Ten Galaxies Closest To Earth Quiz Stats

 Plays Quiz not verified by Sporcle

Challenge
Share
Tweet
Embed
Score 0/10 Timer 03:00
0 Plays Today
Year Galaxy Was Descovered Galaxies Name % Correct
1994Sagittarius Dwarf
97.2%
PrehistoricLarge Magellanic Cloud
44.4%
PrehistoricSmall Magellanic Cloud
41.7%
1954Draco Dwarf
8.3%
1954Ursa Minor Dwarf
5.6%
1937Sculptor Dwarf
5.6%
1938Fornax Dwarf
5.6%
1990Sextans Dwarf
2.8%
1977Carina Dwarf
2.8%
1950Leo II
0%

You're not logged in!

Compare scores with friends on all Sporcle quizzes.
OR
Log In

You Might Also Like...

Show Comments

Extras

Created Jul 25, 2010SourceReportNominate

Top Quizzes Today


Score Distribution

Your Account Isn't Verified!

In order to create a playlist on Sporcle, you need to verify the email address you used during registration. Go to your Sporcle Settings to finish the process.

Report this User

Report this user for behavior that violates our Community Guidelines.

Details: